000 00729cab a2200205 4500
001 ABS48824
008 090401t1993 xxu||||| |||| 00| 0 eng d
035 _a(Sirsi) u68672
041 _aeng
245 _aDesigning a land and property gazetteer
260 _c1993
350 _a0
490 _aMapping Awareness & GIS in Europe
_v7(5) June 1993, 19-21(3)
520 _aDescribes the preparation of a draft BSI specification of a National Land and Property Gazetteer by the LGMB National Land and Property Gazetteer Working Party.
650 _aADDRESS STANDARD
650 _aNATIONAL LAND AND PROPERTY GAZETTEER
690 _aMANAGEMENT-BUSINESS MANAGEMENT-INFORMATION MANAGEMENT
942 _n0
948 _c04/03/1997
999 _c43088
_d43088